000 01008nam a2200217Ia 4500
001 10167
003 GE_BSU
008 181216s||||||||xx |||||||||||||| ||und||
040 _cGE_BSU
080 _a821.353.1–32+821.111(73)-32
245 _aპირველი და უკანასკნელი:ინგლისელა და ამერიკელთა მწერალთა მოთხრობები
245 _cინგლ.თარგმნ.ალ.გამყრელიძემ.რედ. მ.ფორჩხიძე.მხატვ.ა.თევზაძე
260 _aთბილისი
260 _bსაბჭოთა საქართველო
260 _c1987
300 _a405გვ.20სმ.
541 _h8ლ.
653 _aინგლისელა და ამერიკელთა მწერალთა მოთხრობები
653 _aპირველი და უკანასკნელი
942 _cBK
999 _c43437
_d43437